NiziU discography - Statistics

General Stats
  • This quiz has been taken 3 times
  • The average score is 76 of 92
Answer Stats
Répondre % Correct
9 colors
100%
Already Special
100%
Already Special -Instrumental-
100%
ASOBO
100%
ASOBO
100%
ASOBO -English ver.-
100%
Baby I'm a Star
100%
Beyond the Rainbow
100%
Blue Moon
100%
Blue Moon -Instrumental-
100%
Chopstick
100%
CLAP CLAP
100%
CLAP CLAP
100%
CLAP CLAP -Instrumental-
100%
COCONUT
100%
CRUSH
100%
Emotion
100%
Happy day
100%
HEARTRIS
100%
JUMP
100%
LOVE LINE
100%
LOVE LINE -Japanese ver.-
100%
LOVE LINE -Japanese ver.-
100%
Lucky Star
100%
Made of Love
100%
Make you happy
100%
Make you happy
100%
Make you happy
100%
Paradise
100%
Paradise
100%
Paradise -Instrumental-
100%
Paradise (Korean Ver.)
100%
Poppin' Shakin'
100%
Poppin' Shakin'
100%
Poppin' Shakin' -English ver.-
100%
PRISM
100%
Short Trip
100%
Short Trip
100%
Short Trip -Instrumental-
100%
SWEET NONFICTION
100%
SWEET NONFICTION
100%
Take a picture
100%
Take a picture
100%
Take a picture -English ver.-
100%
Take a picture -instrumental ver.-
100%
Take It
100%
What if
100%
What if -Japanese ver.-
100%
YOAKE
100%
YOAKE
100%
All right
67%
AlwayS
67%
BELIEVE
67%
BELIEVE
67%
BELIEVE -English ver.-
67%
BELIEVE -Instrumental-
67%
BELIEVE -Korean ver.-
67%
Boom Boom Boom
67%
Buddy Buddy
67%
Come On Over
67%
I AM
67%
I AM
67%
Joyful
67%
Life is Beautiful
67%
LOOK AT ME
67%
Love & Like
67%
LOVE YOURSELF
67%
Memories
67%
Memories
67%
Need U
67%
Raindrops
67%
RISE UP
67%
RISE UP
67%
RISE UP -English ver.-
67%
RISE UP -Instrumental-
67%
RISE UP -Korean ver.-
67%
secret
67%
Shining day
67%
Shining day
67%
Step and a Step
67%
Step and a step
67%
Tip-Top
67%
Too Much
67%
Twinkle Twinkle
67%
VILLAIN
67%
Fairy Magic
33%
FESTA
33%
Super Summer
33%
Super Summer
33%
Sweet Bomb !
33%
That's Me
33%
Wonder Dream
33%
No matching quizzes found
Score Distribution
Percent of People with Each Score
Percentile by Number Answered
Your Score History
You have not taken this quiz